000 00414nab a2200145Ia 4500
003 ES-SlBCS
005 20210601135813.0
008 140529s1969 xxu||||| |||| 00| 0 spa d
041 _aspa
100 1 _aMccarthy, Dennis
_9236877
245 0 0 _aPresencia de Dios y palabra profética
_c Dennis Mccarthy
650 0 4 _aDios
_923287
773 0 _tConcilium
_gvol. 3, nº. 50, 1969, págs. 496-509
_wRev134
942 _cAR
999 _c634327
_d634327